Statistics for Countries and Biggest Cities

Click here to take the quiz!

General Stats

  • This quiz has been taken 20 times
  • The average score is 104 of 196

Answers on the Map

Answers color-coded by a green-red scale on the quiz's map according to % correct below.
 

Answer Stats

Answer% Correct
New York City
94%
Toronto
94%
Buenos Aires
88%
Paris
88%
Sao Paulo
88%
Stockholm
88%
Tokyo
88%
Auckland
82%
Bangkok
82%
Helsinki
82%
London
82%
Madrid
82%
Mexico City
82%
Oslo
82%
Schaan
82%
Sydney
82%
Bogota
76%
Brussels
76%
Bucharest
76%
Budapest
76%
Cairo
76%
Caracas
76%
Copenhagen
76%
Ho Chi Minh City
76%
Istanbul
76%
Jakarta
76%
Lima
76%
Lisbon
76%
Moscow
76%
Mumbai
76%
Pyongyang
76%
San Salvador
76%
Seoul
76%
Tehran
76%
Vienna
76%
Amsterdam
71%
Baghdad
71%
Baku
71%
Berlin
71%
Dakar
71%
Dhaka
71%
Dubai
71%
Dublin
71%
Guatemala City
71%
Havana
71%
Johannesburg/Cape Town
71%
Karachi
71%
Kyiv
71%
Montevideo
71%
Nairobi
71%
Panama City
71%
Quito/Guayaquil
71%
Reykjavík
71%
Riga
71%
Rome
71%
Santiago
71%
Shanghai
71%
Tirana
71%
Warsaw
71%
Zagreb
71%
Addis Ababa
65%
Algiers
65%
Asunción
65%
Athens
65%
Beirut
65%
Belgrade
65%
Jerusalem
65%
Kabul
65%
Kathmandu
65%
Kinshasa
65%
Lagos
65%
Malé
65%
Minsk
65%
Prague
65%
Sofia
65%
Tallinn
65%
Tunis
65%
Vilnius
65%
Yangon
65%
Amman
59%
Andorra La Vella
59%
Casablanca
59%
Colombo
59%
Damascus
59%
Dili
59%
Doha
59%
Kingston
59%
Kingstown
59%
Luanda
59%
Luxembourg City
59%
Port-au-Prince
59%
Port Moresby
59%
Riyadh
59%
San Jose
59%
Santo Domingo
59%
Tashkent
59%
Tripoli
59%
Ulaanbaatar
59%
Vatican City
59%
Yerevan
59%
Zürich
59%
Antananarivo
53%
Chişinău
53%
Dar es Salaam
53%
Georgetown
53%
Ljubljana
53%
Mogadishu
53%
Monaco
53%
Muscat
53%
Paramaribo
53%
Sana'a
53%
Singapore
53%
Tbilisi
53%
Valletta
53%
Almaty
47%
Asmara
47%
Bangui
47%
Bratislava
47%
Brazzaville
47%
Dushanbe
47%
Freetown
47%
Harare
47%
Nassau
47%
Nicosia
47%
Phnom Penh
47%
Pristina
47%
Sarajevo
47%
Skopje
47%
Vientiane
47%
Windhoek
47%
Accra
41%
Apia
41%
Ashgabat
41%
Belize City
41%
Honiara
41%
Kuwait City
41%
Libreville
41%
Manama
41%
Monrovia
41%
N'Djamena
41%
Podgorica
41%
Port Louis
41%
Tegucigalpa
41%
Thimphu
41%
Bamako
35%
Bandar Seri Begawan
35%
Bishkek
35%
Bissau
35%
Conakry
35%
Djibouti
35%
Gaborone
35%
Kampala
35%
Kigali
35%
Lilongwe
35%
Lomé
35%
Managua
35%
Maputo
35%
Maseru
35%
Nouakchott
35%
Nukuʻalofa
35%
São Tomé
35%
St. George's
35%
Victoria
35%
Abidjan
29%
Basseterre
29%
Bridgetown
29%
Cotonou
29%
Juba
29%
Lusaka
29%
Moroni
29%
Ouagadougou
29%
Praia
29%
Quezon City
29%
Roseau
29%
St. Johns
29%
Yaren
29%
Bujumbura
24%
Castries
24%
Douala
24%
Funafuti
24%
New Taipei
24%
Niamey
24%
Bata
18%
Chaguanas
18%
Omdurman
18%
Port Vila
18%
Santa Cruz de la Sierra
12%
Serekunda
12%
Weno
12%
Dogana
6%
Koror
6%
Manzini
6%
Betio
0%
Bintulu
0%
Ebeye
0%
Nasinu
0%

Score Distribution

Percentile by Number Answered

Percent of People with Each Score

Your Score History

You have not taken this quiz